000 nam a22 7a 4500
999 _c7792
_d7792
008 171012b xxu||||| |||| 00| 0 eng d
100 _aAhmad Anees
_93857
245 _aConcepts of Physics Part-2
260 _aNew Delhi
_bSahar Publication